000 00350 a2200169 4500
001 183466
020 _a978-85-262-3439-0
040 _cMagnum
100 _aBraga, Edson Rocha
240 1 0 _aOs lusíadas
_lpor
245 1 0 _aOs lusíadas
300 _a39
362 0 _a1999
440 1 _aScipione
697 _aLITERATURA INFANTO
942 _cBK
999 _c183466
_d183466